[Event "2007. Central Serbia champions"]
[Site "Vrnjacka Banja"]
[Date "2007.12.15"]
[Round "8.1"]
[White "Bozic, Milan"]
[Black "Drazic, Sinisa"]
[Result "0-1"]
[WhiteElo "2435"]
[BlackElo "2493"]
[Annotator ",compaq"]
[PlyCount "60"]
[EventDate "2007.12.10"]

1. Nf3 d5 2. d4 Nf6 3. Bf4 c5 4. e3 Nc6 5. Nbd2 cxd4 6. exd4 Qb6 7. Nb3 Bg4 8.
a4 a5 9. Bb5 e6 10. h3 Bxf3 11. Qxf3 Ne4 12. O-O Bd6 13. c4 Bxf4 14. Qxf4 O-O
15. c5 Qd8 16. f3 Nf6 17. Qd2 Qc7 18. Nc1 Nh5 19. Bxc6 bxc6 20. Nd3 Ng3 21.
Rfb1 f6 22. b4 axb4 23. Rxb4 e5 24. Rab1 Ra7 25. dxe5 fxe5 26. Qg5 e4 27. fxe4
dxe4 28. Ne5 Ne2+ 29. Kh1 Nc3 30. Re1 Ra5 {...} 0-1

[Event "2007. Central Serbia champions"]
[Site "Vrnjacka Banja"]
[Date "2007.12.15"]
[Round "8.2"]
[White "Arsovic, Zoran"]
[Black "Todorovic, Goran M"]
[Result "0-1"]
[WhiteElo "2459"]
[BlackElo "2470"]
[PlyCount "38"]
[EventDate "2007.12.10"]

1. Nf3 d5 2. d4 c6 3. c4 e6 4. Qc2 Nf6 5. b3 dxc4 6. bxc4 c5 7. e3 Nc6 8. Bb2
cxd4 9. exd4 e5 10. Nxe5 Nxd4 11. Qa4+ b5 12. cxb5 Bb4+ 13. Nd2 Bxd2+ 14. Kxd2
Nb3+ 15. Kc2 Nxa1+ 16. Bxa1 Bf5+ 17. Bd3 Rc8+ 18. Kd2 O-O 19. Qb3 Ne4+ 0-1

[Event "2007. Central Serbia champions"]
[Site "Vrnjacka Banja"]
[Date "2007.12.15"]
[Round "8.4"]
[White "Pikula, Dejan"]
[Black "Kostic, Vladimir G"]
[Result "1-0"]
[WhiteElo "2494"]
[BlackElo "2402"]
[PlyCount "71"]
[EventDate "2007.12.10"]

1. e4 c5 2. Nf3 Nc6 3. d4 cxd4 4. Nxd4 Nf6 5. Nc3 e5 6. Ndb5 d6 7. Bg5 a6 8.
Na3 b5 9. Nd5 Be7 10. Bxf6 Bxf6 11. c3 O-O 12. Nc2 Bg5 13. h4 Bh6 14. g3 Ne7
15. Nxe7+ Qxe7 16. Bg2 Be6 17. O-O g6 18. Re1 a5 19. Bf1 f5 20. exf5 Rxf5 21.
Bh3 Rf7 22. Bxe6 Qxe6 23. Qd3 Raf8 24. Re2 Qg4 25. Rae1 Qd7 26. Qd5 Kh8 27. Na3
b4 28. Nb5 bxc3 29. Nxc3 g5 30. h5 Qg4 31. Ne4 Rd7 32. Rd2 Qxh5 33. Qe6 Rff7
34. Rxd6 Bg7 35. Rxd7 h6 36. g4 1-0

[Event "2007. Central Serbia champions"]
[Site "Vrnjacka Banja"]
[Date "2007.12.15"]
[Round "8.6"]
[White "Cabrilo, Goran"]
[Black "Biljanic, Ljubomir"]
[Result "1-0"]
[WhiteElo "2497"]
[BlackElo "2291"]
[PlyCount "87"]
[EventDate "2007.12.10"]

1. e4 e5 2. Nf3 Nc6 3. Bb5 g6 4. O-O Bg7 5. c3 d6 6. d4 Bd7 7. dxe5 dxe5 8. Qe2
Nge7 9. Rd1 O-O 10. Be3 Qc8 11. Na3 Be6 12. Bc5 Rd8 13. Ng5 Rxd1+ 14. Qxd1 b6
15. Nxe6 Qxe6 16. Be3 Rd8 17. Qa4 h6 18. h3 g5 19. Bc4 Qc8 20. Rd1 Rxd1+ 21.
Qxd1 Ng6 22. Nc2 Bf8 23. b4 Nd8 24. Bc1 Nb7 25. Ba6 c6 26. Ne3 Qc7 27. Bd3 Nf4
28. Bc2 Nd6 29. g3 Ng6 30. Qd3 Ne7 31. Bb3 Bg7 32. a4 b5 33. Nc2 Nec8 34. a5 c5
35. bxc5 Qxc5 36. Ba3 Qc7 37. Ne3 Bf8 38. Ng4 Bg7 39. Qd5 Nc4 40. Bxc4 bxc4 41.
Ne3 Ne7 42. Qa8+ Kh7 43. Nd5 Qd7 44. Nxe7 1-0

[Event "2007. Central Serbia champions"]
[Site "Vrnjacka Banja"]
[Date "2007.12.15"]
[Round "8.7"]
[White "Radovanovic, Slavko"]
[Black "Arsovic, Goran"]
[Result "0-1"]
[WhiteElo "2200"]
[BlackElo "2497"]
[PlyCount "80"]
[EventDate "2007.12.10"]

1. e4 c5 2. Nf3 d6 3. c3 Nf6 4. d3 g6 5. Be2 Bg7 6. O-O O-O 7. Nbd2 Nc6 8. Re1
Qc7 9. Qc2 Bd7 10. Nf1 Rac8 11. Kh1 h6 12. Ng1 e5 13. Ng3 d5 14. Rf1 dxe4 15.
dxe4 Be6 16. f4 exf4 17. Bxf4 Qe7 18. Rad1 Rfd8 19. b3 Ng4 20. Bxg4 Bxg4 21.
Rxd8+ Rxd8 22. h3 Be6 23. Nf3 b6 24. Qf2 Rd3 25. Ne2 Qd8 26. Qe1 a5 27. Kh2 Kh7
28. Qg3 Rd7 29. Be5 Nxe5 30. Nxe5 Rd2 31. Nc1 Kg8 32. Ned3 c4 33. Ne1 Rd1 34.
Ne2 cxb3 35. axb3 Bxb3 36. Nd4 Bc4 37. Rf3 Qg5 38. Qf2 Be5+ 39. Kg1 Qc1 40.
Ndc2 Rd2 0-1

[Event "2007. Central Serbia champions"]
[Site "Vrnjacka Banja"]
[Date "2007.12.15"]
[Round "8.8"]
[White "Benderac, Ana"]
[Black "Maksimovic, Branimir"]
[Result "0-1"]
[WhiteElo "2328"]
[BlackElo "2367"]
[PlyCount "190"]
[EventDate "2007.12.10"]

1. e4 e6 2. d4 d5 3. e5 c5 4. c3 Nc6 5. Nf3 Nge7 6. a3 c4 7. b3 cxb3 8. Nbd2
Na5 9. Nxb3 Nec6 10. Nxa5 Nxa5 11. a4 Bd7 12. Bd3 Be7 13. Ba3 Rc8 14. O-O Bxa3
15. Rxa3 O-O 16. Qb1 h6 17. Nd2 Rc7 18. f4 Qe7 19. Qb2 Rfc8 20. Rf3 b6 21. Bb1
Nc4 22. Nxc4 Rxc4 23. f5 exf5 24. Ba2 Rxa4 25. Rxa4 Bxa4 26. Bxd5 Bc6 27. Bxc6
Rxc6 28. Rxf5 Qe6 29. Rf3 Qd5 30. h3 a5 31. Qa3 Rc4 32. Kh2 a4 33. Qe7 Rc8 34.
c4 Qe6 35. Qb7 Rxc4 36. Qa8+ Kh7 37. Qe4+ Qg6 38. Qd5 Rc7 39. Qd8 Rc1 40. Qf8
Rd1 41. d5 Qe4 42. e6 Qe5+ 43. Rg3 fxe6 44. Qe8 Rh1+ 45. Kxh1 Qxg3 46. Qxe6 a3
47. d6 a2 48. Qxa2 Qxd6 49. Qc2+ Qg6 50. Qb3 Qc6 51. Qd3+ Kg8 52. Qb3+ Kf8 53.
Qb4+ Qc5 54. Qf4+ Kg8 55. Qe4 Qc1+ 56. Kh2 Qc7+ 57. Kh1 Qf7 58. Qd3 Qe6 59.
Qd8+ Kh7 60. Qd3+ Qg6 61. Qb3 Kh8 62. Qb5 Qe6 63. Kh2 Kg8 64. Kh1 Kf7 65. Qh5+
Ke7 66. Qh4+ Qf6 67. Qe4+ Kd6 68. Qb4+ Kc7 69. Qc4+ Kb8 70. Qb5 Kb7 71. Qd5+
Kc7 72. Qc4+ Kd8 73. Qd5+ Ke7 74. Qe4+ Qe6 75. Qh4+ Kf7 76. Qh5+ Kg8 77. Qb5
Qe1+ 78. Kh2 Qe3 79. Qc4+ Kf8 80. Qc8+ Kf7 81. Qc7+ Kf6 82. Qd6+ Qe6 83. Qd8+
Kg6 84. Qd3+ Kf7 85. Qf3+ Kg8 86. Qh5 Qd6+ 87. Kh1 Qc6 88. Qd1 b5 89. Qd8+ Kf7
90. Qd4 Qc1+ 91. Kh2 Qb1 92. Qd5+ Kg6 93. h4 b4 94. h5+ Kh7 95. g4 b3 0-1

[Event "2007. Central Serbia champions"]
[Site "Vrnjacka Banja"]
[Date "2007.12.15"]
[Round "8.9"]
[White "Abramovic, Bosko"]
[Black "Radosavljevic, Slobodan D"]
[Result "1-0"]
[WhiteElo "2508"]
[BlackElo "2256"]
[PlyCount "67"]
[EventDate "2007.12.10"]

1. d4 Nf6 2. Nf3 g6 3. c3 Bg7 4. Bf4 d6 5. h3 O-O 6. e3 Nbd7 7. Be2 Qe8 8. O-O
e5 9. Bh2 Qe7 10. c4 Re8 11. Nc3 e4 12. Nd2 Nf8 13. b4 h5 14. Qb3 N8h7 15. c5
Be6 16. d5 Bf5 17. cxd6 cxd6 18. Nc4 Red8 19. Rac1 Ng5 20. Rfd1 h4 21. Nb5 Bxh3
22. gxh3 Qd7 23. Nd2 Qxh3 24. Kh1 Nf3 25. Nxf3 Ng4 26. Bf1 Qxf3+ 27. Bg2 Nxf2+
28. Kg1 Nh3+ 29. Bxh3 Qxh3 30. Rc2 g5 31. Nxd6 g4 32. Bf4 g3 33. Nxe4 Qg4 34.
Rg2 1-0

[Event "2007. Central Serbia champions"]
[Site "Vrnjacka Banja"]
[Date "2007.12.15"]
[Round "8.11"]
[White "Spiric, Igor"]
[Black "Kojovic, Dragan"]
[Result "0-1"]
[WhiteElo "2278"]
[BlackElo "2413"]
[PlyCount "44"]
[EventDate "2007.12.10"]

1. d4 Nf6 2. c4 e6 3. g3 Bb4+ 4. Bd2 c5 5. Bxb4 cxb4 6. Bg2 d5 7. Nd2 Nc6 8.
Ngf3 O-O 9. O-O b6 10. Re1 Bb7 11. e4 dxe4 12. Nxe4 Nxe4 13. Rxe4 Na5 14. Rh4
h6 15. Qd3 Rc8 16. Ne5 Bxg2 17. Kxg2 Nxc4 18. Re1 Qd5+ 19. Kh3 Rfd8 20. Ng4 Qf5
21. Re4 Ne5 22. Qe2 Nf3 0-1

[Event "2007. Central Serbia champions"]
[Site "Vrnjacka Banja"]
[Date "2007.12.15"]
[Round "8.12"]
[White "Pantovic, Dragan M"]
[Black "Sredojevic, Ivan"]
[Result "0-1"]
[WhiteElo "2137"]
[BlackElo "2357"]
[PlyCount "66"]
[EventDate "2007.12.10"]

1. d4 Nf6 2. Nf3 e6 3. c4 b6 4. g3 Ba6 5. Nbd2 Bb7 6. Bg2 c5 7. e4 cxd4 8. e5
Ne4 9. Nb3 Bb4+ 10. Kf1 Qc7 11. Qxd4 Na6 12. Nfd2 Nec5 13. Ne4 Nxe4 14. Bxe4
Bc5 15. Qd3 Nb4 16. Qe2 Nc6 17. Bf4 a5 18. Re1 a4 19. Nxc5 bxc5 20. Qg4 Kf8 21.
Kg2 Nd4 22. Kh3 h5 23. Qd1 Bxe4 24. Rxe4 Qb7 25. Rhe1 Rc8 26. Bc1 f6 27. exf6
gxf6 28. Rf4 Kg7 29. Be3 e5 30. Bxd4 cxd4 31. Rh4 Qxb2 32. Qxa4 Qxf2 33. Qxd7+
Kg6 0-1

[Event "2007. Central Serbia champions"]
[Site "Vrnjacka Banja"]
[Date "2007.12.15"]
[Round "8.13"]
[White "Nikolic, Stanimir"]
[Black "Zivkovic, Ivan B"]
[Result "0-1"]
[WhiteElo "2297"]
[BlackElo "2222"]
[PlyCount "72"]
[EventDate "2007.12.10"]

1. d4 d5 2. Nf3 c6 3. b3 Nf6 4. e3 Bg4 5. Be2 Nbd7 6. Bb2 Qc7 7. Nbd2 e6 8. O-O
Be7 9. c4 O-O 10. Qc2 Rfc8 11. Bd3 dxc4 12. bxc4 c5 13. Ne5 Bh5 14. f4 cxd4 15.
exd4 Bg6 16. Bxg6 hxg6 17. Rf3 Bb4 18. Nb3 Nb6 19. Rc1 Bd6 20. c5 Nbd5 21. Qf2
Be7 22. g4 g5 23. f5 exf5 24. Rxf5 Nf4 25. Rxf4 gxf4 26. Qxf4 Rf8 27. Qf3 Rad8
28. Re1 Nd5 29. Bc1 Bf6 30. g5 Bxe5 31. Rxe5 Qd7 32. h4 f6 33. gxf6 Rxf6 34.
Qg3 Rdf8 35. Nd2 Nf4 36. Qb3+ Kh8 0-1

[Event "2007. Central Serbia champions"]
[Site "Vrnjacka Banja"]
[Date "2007.12.15"]
[Round "8.14"]
[White "Djosic, Slavoljub"]
[Black "Boskovic, Zlatomir"]
[Result "1/2-1/2"]
[WhiteElo "2280"]
[BlackElo "2207"]
[PlyCount "28"]
[EventDate "2007.12.10"]

1. b3 d5 2. Bb2 c5 3. Nf3 f6 4. g3 e5 5. d3 Be6 6. Bg2 Nc6 7. O-O Be7 8. e4 d4
9. c4 Nh6 10. Bc1 Nf7 11. Nh4 O-O 12. f4 exf4 13. gxf4 Nd6 14. f5 Bf7 1/2-1/2

[Event "2007. Central Serbia champions"]
[Site "Vrnjacka Banja"]
[Date "2007.12.15"]
[Round "8.15"]
[White "Marcetic, Predrag"]
[Black "Mrsevic, Miroslav"]
[Result "1/2-1/2"]
[WhiteElo "2219"]
[BlackElo "2313"]
[Annotator ",compaq"]
[PlyCount "167"]
[EventDate "2007.12.10"]

1. e4 e5 2. Nf3 d6 3. d4 exd4 4. Qxd4 Nf6 5. Nc3 Be7 6. Bg5 O-O 7. O-O-O a6 8.
h4 Re8 9. Nd5 Nc6 10. Qd3 Bg4 11. Be2 h6 12. Bd2 Bf8 13. Nxf6+ Qxf6 14. Qc4 Be6
15. Qc3 Be7 16. a3 Rad8 17. Qe3 Qg6 18. h5 Qh7 19. Bc3 b5 20. Bd3 Rb8 21. g4 b4
22. e5 Qh8 23. axb4 Nxb4 24. g5 Nd5 25. Qe4 Nxc3 26. bxc3 dxe5 27. Nxe5 Bxg5+
28. f4 Bd5 29. Qf5 Be6 30. Qe4 Bd5 31. Qf5 g6 32. Nxg6 Be6 33. Nxh8 Bxf5 34.
fxg5 Bxd3 35. Rxd3 Kxh8 36. g6 Re7 37. Rf3 Kg7 38. gxf7 Rxf7 39. Rg1+ Kf8 40.
Rfg3 Rb5 41. Rg8+ Ke7 42. Re1+ Kd7 43. Rd1+ Ke7 44. Re1+ Kd7 45. Rd1+ Kc6 46.
Rg6+ Kb7 47. Rxh6 Rff5 48. Rh1 a5 49. Rh4 Rf1+ 50. Kd2 Rf2+ 51. Kd3 Rf3+ 52.
Kd2 Rf2+ 53. Kd3 Rb1 54. Rc4 Rh1 55. Ke3 Rg2 56. Kf3 Rg7 57. Rc5 a4 58. Ra5
Rh3+ 59. Kf4 Rh1 60. Rha6 Rf7+ 61. Ke3 Rh3+ 62. Ke4 Rxc3 63. Ra7+ Kc8 64. Rxa4
Rxc2 65. Ra8+ Kd7 66. Rh8 Rh2 67. Raa8 Rh4+ 68. Ke3 Rf5 69. h6 Rfh5 70. h7 Kc6
71. Ra1 Rh3+ 72. Ke4 R5h4+ 73. Ke5 Rxh7 74. Rxh7 Rxh7 75. Rc1+ Kd7 76. Kd5 Rh4
77. Rg1 Rh5+ 78. Kc4 Kc6 79. Rg6+ Kb7 80. Rg8 Kc6 81. Rg4 Ra5 82. Rg8 Ra4+ 83.
Kb3 Rh4 84. Rg5 {...} 1/2-1/2

[Event "2007. Central Serbia champions"]
[Site "Vrnjacka Banja"]
[Date "2007.12.15"]
[Round "8.16"]
[White "Ilic, Slobodan S"]
[Black "Pantelic, Sasa"]
[Result "1/2-1/2"]
[WhiteElo "2166"]
[BlackElo "2237"]
[PlyCount "101"]
[EventDate "2007.12.10"]

1. e4 c5 2. Nf3 d6 3. d3 Nf6 4. g3 g6 5. Bg2 Bg7 6. O-O O-O 7. Re1 Nc6 8. h3
Qc7 9. c3 Ne5 10. d4 Nxf3+ 11. Qxf3 e5 12. dxe5 dxe5 13. Bg5 Qb6 14. Re2 h6 15.
Bxf6 Qxf6 16. Qe3 b6 17. c4 Be6 18. b3 Rad8 19. Nc3 Rd4 20. Nd5 Qd8 21. Rc2 Qd6
22. Qe1 f5 23. f3 h5 24. Rd1 fxe4 25. fxe4 Qd7 26. Kh2 Qf7 27. Rdd2 Rxd2 28.
Qxd2 Kh7 29. Qg5 Bf6 30. Qe3 Bd8 31. Kg1 h4 32. Rf2 Qxf2+ 33. Qxf2 Rxf2 34.
Kxf2 Kh6 35. g4 Kg7 36. Ke3 Kf7 37. Bf3 Ke8 38. Kd3 Kd7 39. Kc3 Kd6 40. Kd3 Bd7
41. a4 a6 42. Nc3 Ke6 43. Be2 Kd6 44. Kc2 Bg5 45. Kd1 Be8 46. Kc2 Be3 47. Nd5
Bd4 48. Nxb6 Bc6 49. Bf3 g5 50. Kd3 a5 51. Nd5 1/2-1/2

[Event "2007. Central Serbia champions"]
[Site "Vrnjacka Banja"]
[Date "2007.12.15"]
[Round "8.17"]
[White "Radenkovic, Dragan"]
[Black "Vasic, Vladimir"]
[Result "1-0"]
[WhiteElo "2188"]
[BlackElo "2185"]
[Annotator ",compaq"]
[PlyCount "90"]
[EventDate "2007.12.10"]

1. e4 e5 2. Nf3 Nc6 3. Bc4 Bc5 4. O-O d6 5. h3 Nf6 6. c3 Bb6 7. Re1 Na5 8. Bb5+
Bd7 9. Bxd7+ Nxd7 10. d4 Nc6 11. Bg5 f6 12. Bh4 h5 13. Na3 g5 14. Bg3 h4 15.
Bh2 a6 16. Nc4 Ba7 17. Qb3 b5 18. Ne3 Nf8 19. Nf5 Qd7 20. dxe5 dxe5 21. Rad1
Qf7 22. Qa3 Ne6 23. Rd6 Bc5 24. Rxe6+ Qxe6 25. Qxc5 Kf7 26. Ne3 Rhd8 27. b3 Qd6
28. Qd5+ Qxd5 29. exd5 Ne7 30. Rd1 c6 31. d6 Nd5 32. Bxe5 Nxe3 33. fxe3 fxe5
34. Nxg5+ Kf6 35. Ne4+ Kf7 36. Nc5 Ra7 37. d7 Kf6 38. Rd6+ Ke7 39. Re6+ Kf7 40.
Rxc6 a5 41. Rh6 b4 42. cxb4 axb4 43. Rxh4 Rxa2 44. Rxb4 Rc2 45. Nd3 Kf6 {...}
1-0

[Event "2007. Central Serbia champions"]
[Site "Vrnjacka Banja"]
[Date "2007.12.15"]
[Round "8.19"]
[White "Colovic, Zoran"]
[Black "Dorontic, Zoran"]
[Result "1-0"]
[WhiteElo "2234"]
[BlackElo "2167"]
[PlyCount "61"]
[EventDate "2007.12.10"]

1. e4 c5 2. c3 e6 3. d4 d5 4. e5 Nc6 5. Nf3 Qb6 6. Be2 cxd4 7. cxd4 Bb4+ 8. Nc3
Bd7 9. O-O f6 10. Na4 Qd8 11. a3 Be7 12. b4 f5 13. Nc5 Bc8 14. Qa4 Kf7 15. h4
h6 16. Bd2 g5 17. b5 Nb8 18. Rfc1 g4 19. Ne1 Bxh4 20. Ned3 Bg5 21. Nf4 Ne7 22.
b6 a6 23. Rab1 Ng6 24. Nxb7 Bxb7 25. Rc7+ Ne7 26. Rxb7 Bxf4 27. Bxf4 Kg6 28.
Rc1 Nec6 29. Rxc6 Nxc6 30. Qxc6 Re8 31. Rc7 1-0

[Event "2007. Central Serbia champions"]
[Site "Vrnjacka Banja"]
[Date "2007.12.15"]
[Round "8.21"]
[White "Tasic, Zoran"]
[Black "Pantic, Ivica"]
[Result "0-1"]
[WhiteElo "2178"]
[BlackElo "2192"]
[PlyCount "54"]
[EventDate "2007.12.10"]

1. d4 e6 2. c4 Nf6 3. Nf3 Bb4+ 4. Nbd2 O-O 5. a3 Bxd2+ 6. Bxd2 b6 7. Rc1 d6 8.
Bg5 Bb7 9. b4 Nbd7 10. Nd2 h6 11. Bh4 c5 12. Nb3 cxb4 13. axb4 a5 14. bxa5 bxa5
15. f3 a4 16. Nd2 Qa5 17. e3 a3 18. Be2 Bc6 19. Ra1 Rfb8 20. Qc1 Rb3 21. Kf2
Rc3 22. Qb1 Rb8 23. Qa2 g5 24. Bg3 Qf5 25. Nb1 Ne4+ 26. Ke1 Rc1+ 27. Bd1 Qa5+
0-1

[Event "2007. Central Serbia champions"]
[Site "Vrnjacka Banja"]
[Date "2007.12.15"]
[Round "8.22"]
[White "Draskovic, Dragan"]
[Black "Misailovic, Nebojsa"]
[Result "0-1"]
[WhiteElo "2154"]
[BlackElo "2318"]
[PlyCount "99"]
[EventDate "2007.12.10"]

1. d4 Nf6 2. c4 g6 3. Nc3 d5 4. Nf3 Bg7 5. Qb3 dxc4 6. Qxc4 O-O 7. e4 Na6 8.
Be2 c5 9. d5 e6 10. Be3 exd5 11. exd5 b6 12. O-O Nb4 13. Qb3 Bf5 14. Rac1 Nd3
15. Bxd3 Bxd3 16. Rfd1 c4 17. Qb5 a6 18. Qxb6 Nxd5 19. Nxd5 Qxd5 20. b3 Qb5 21.
Qd6 Rac8 22. bxc4 Bxc4 23. Nd4 Qa4 24. a3 a5 25. h4 Rfd8 26. Qf4 Be2 27. Re1
Rxc1 28. Rxc1 Bxd4 29. Rc7 Qd1+ 30. Kh2 f6 31. Qe4 Be5+ 32. f4 Qd3 33. Qxd3
Rxd3 34. fxe5 Rxe3 35. exf6 Re6 36. Rg7+ Kf8 37. Rxh7 Rxf6 38. Ra7 Rf5 39. Kh3
Bd1 40. g3 a4 41. Kg2 Rd5 42. Ra6 Kf7 43. Kf2 Rd3 44. g4 Rd4 45. h5 g5 46. Ra7+
Kf6 47. Ke1 Bxg4 48. h6 Bd7 49. Ra6+ Kf7 50. Ke2 0-1

[Event "2007. Central Serbia champions"]
[Site "Vrnjacka Banja"]
[Date "2007.12.15"]
[Round "8.24"]
[White "Dodic, Dragan"]
[Black "Manojlovic, Selimir"]
[Result "1/2-1/2"]
[WhiteElo "2162"]
[BlackElo "2110"]
[PlyCount "118"]
[EventDate "2007.12.10"]

1. d4 Nf6 2. c4 e6 3. Nc3 Bb4 4. Qc2 d5 5. cxd5 Qxd5 6. Nf3 c5 7. Bd2 Qd8 8.
dxc5 Bxc5 9. Rc1 Bd7 10. Bg5 Be7 11. e3 Nc6 12. a3 Qa5 13. Be2 O-O 14. O-O a6
15. Rfd1 Rfd8 16. Bh4 Rac8 17. Nd2 b5 18. Nb3 Qb6 19. Nd4 Nxd4 20. Rxd4 e5 21.
Rd2 Be6 22. Rxd8+ Bxd8 23. Bd3 g6 24. Bg3 Nd7 25. b4 f5 26. Qd2 Bf6 27. Bf1 Kf7
28. Nd5 Qb7 29. Rxc8 Qxc8 30. Nxf6 Kxf6 31. Qd6 g5 32. f4 exf4 33. exf4 h6 34.
h4 Qc1 35. hxg5+ hxg5 36. fxg5+ Qxg5 37. Bf4 Qg4 38. g3 Kf7 39. Qxa6 Qd1 40.
Qxb5 Qd4+ 41. Kh2 Nf6 42. Be2 Qf2+ 43. Kh3 Kg6 44. Qd3 Bd5 45. Bf1 Bf3 46. Kh4
Qh2+ 47. Bh3 Bg4 48. Qf1 Qc2 49. Bg5 Qc7 50. Qf4 Qh7+ 51. Bh6 Qxh6+ 52. Qxh6+
Kxh6 53. Bxg4 Nxg4 54. b5 Ne5 55. b6 Nc6 56. a4 Nb4 57. Kh3 Kg5 58. Kg2 Kg4 59.
Kf2 f4 1/2-1/2

[Event "2007. Central Serbia champions"]
[Site "Vrnjacka Banja"]
[Date "2007.12.15"]
[Round "8.25"]
[White "Simic, Milan"]
[Black "Boskovic, Maksimilijan"]
[Result "1-0"]
[WhiteElo "2140"]
[BlackElo "1850"]
[PlyCount "111"]
[EventDate "2007.12.10"]

1. d4 f5 2. g3 d5 3. Bg2 e6 4. Nf3 c6 5. O-O Nf6 6. Bg5 Be7 7. c4 O-O 8. Qc2
Ne4 9. Bxe7 Qxe7 10. Ne5 Nd7 11. Nxd7 Bxd7 12. f3 Nf6 13. Qc3 Be8 14. e3 Bg6
15. Nd2 Rae8 16. f4 Ne4 17. Nxe4 fxe4 18. b4 Rc8 19. a4 a6 20. c5 Be8 21. h4 h5
22. Rf2 Ra8 23. Bf1 Qc7 24. Be2 g6 25. Kh1 Kh7 26. Rg1 Bf7 27. g4 Rg8 28. gxh5
gxh5 29. Rg5 Rxg5 30. hxg5 Bg6 31. Rh2 Qf7 32. Qe1 Kg7 33. Qd1 Rh8 34. b5 axb5
35. axb5 Qe8 36. Qb1 Qb8 37. Bd1 cxb5 38. Qxb5 Qc7 39. Rb2 Rb8 40. Qb6 Qxb6 41.
Rxb6 Ra8 42. Rxb7+ Kf8 43. c6 Rc8 44. c7 Ke7 45. Kh2 Kd6 46. Ba4 Rxc7 47. Rxc7
Kxc7 48. Kg3 Kd6 49. Kh4 Ke7 50. Bd1 Kf8 51. Bxh5 Bf5 52. Bg4 Bg6 53. Bxe6 Ke7
54. f5 Be8 55. Kg4 Bb5 56. Kf4 1-0

[Event "2007. Central Serbia champions"]
[Site "Vrnjacka Banja"]
[Date "2007.12.15"]
[Round "8.26"]
[White "Simic, Vladica"]
[Black "Gagic, Miroljub"]
[Result "1-0"]
[WhiteElo "2082"]
[BlackElo "1930"]
[PlyCount "41"]
[EventDate "2007.12.10"]

1. e4 e6 2. d4 d5 3. Nc3 dxe4 4. Nxe4 Nd7 5. Nf3 Ngf6 6. Nxf6+ Nxf6 7. Bd3 c5
8. dxc5 Bxc5 9. O-O Qc7 10. Qe2 a6 11. c3 b6 12. Bg5 Bb7 13. Bxf6 gxf6 14. Be4
Rg8 15. Rad1 Ke7 16. Rd2 Bxe4 17. Qxe4 Bd6 18. Rfd1 Rad8 19. g3 h6 20. Nd4 Rg5
21. Nc6+ 1-0